[Event "4th 4NCL Easter Congress"]
[Site "Holiday Inn Peterborough - West"]
[Date "2024.04.01"]
[Round "6"]
[Board "2"]
[White "Larchikov, Maksym"]
[Black "Turner, Lewis A"]
[Result "1-0"]
[WhiteElo "1951"]
[BlackElo "1927"]
[PlyCount "0"]
[EventDate "2024.03.29"]
[EventRounds "7"]
[EventCountry "ENG"]

1. d4 d5 2. c4 c6 3. Nc3 Nf6 4. Nf3 e6 5. e3 Nbd7 6. Qc2 Bd6 7. b3 O-O 8. Be2 b6
9. O-O Bb7 10. Bb2 Qe7 11. Rad1 Rac8 12. e4 dxe4 13. Nxe4 Nxe4 14. Qxe4 Nf6 15. Qc2
c5 16. d5 exd5 17. cxd5 Nxd5 18. Bc4 Nf6 19. Ng5 Ne4 20. Nxe4 Bxh2+ 21. Kxh2 Qh4+
22. Kg1 Bxe4 23. Qc3 Qh6 24. Qe3 Qg6 25. Qg3 Rc6 26. Qxg6 Rxg6 27. f3 Bc6 28. Bd5
Bb5 29. Rfe1 h6 30. Kf2 Kh8 31. Be5 a5 32. a4 Ba6 33. Bc4 Bb7 34. Rd7  1-0

[Event "4th 4NCL Easter Congress"]
[Site "Holiday Inn Peterborough - West"]
[Date "2024.04.01"]
[Round "6"]
[Board "3"]
[White "Nawalaniec, Adam"]
[Black "Raju, Sooraj Menothuparambil"]
[Result "0-1"]
[WhiteElo "2015"]
[BlackElo "1969"]
[PlyCount "0"]
[EventDate "2024.03.29"]
[EventRounds "7"]
[EventCountry "ENG"]

1. e4 Nf6 2. e5 Nd5 3. c4 Nb6 4. d4 d6 5. f4 dxe5 6. fxe5 c5 7. d5 g6 8. Bf4 Bg7
9. Nc3 O-O 10. Qd2 e6 11. O-O-O exd5 12. cxd5 Re8 13. Re1 c4 14. Nf3 Bg4 15. h3 Bxf3
16. gxf3 N8d7 17. Qd4 Qh4 18. Re4 Qh5 19. Be2 Bxe5 20. Bxe5 Rxe5 21. f4 Rxe4 22.
Qxe4 Qh4 23. Bxc4 Rc8 24. Bb3 Nc5 25. Qd4 Qxf4+ 26. Qxf4 Nd3+ 27. Kd2 Nxf4 28. Ke3
Ng2+ 29. Kd3 Rd8 30. a4 Nd7 31. Bd1 Nh4 32. Re1 Nf5 33. Bg4 Nd6 34. Re7 Nc5+ 35.
Kd4 Kf8 36. Re2 Nb3+ 37. Ke5 Nc4+ 38. Kf6 Rd6+ 39. Kg5 h5 40. Bc8 Nba5 41. b4 Nb6
42. Be6 Nac4 43. Rf2 Ne5 44. Ne4 Rd8 45. Bxf7 Kg7 46. Be6 Nxd5 47. Nc5 b6 48. Nd7
Rxd7 49. Bxd7 Nxd7 50. Re2 N7f6 51. Re6 Nh7+ 52. Kh4 g5+ 53. Kg3 Nhf6 54. Rc6 Kg6
55. b5 Kf5 56. Rc8 Ne4+ 57. Kf3 g4+ 58. hxg4+ hxg4+ 59. Ke2 Nec3+ 60. Kf2 Nxa4 61.
Ra8 Nac3 62. Rxa7 Nxb5 63. Rf7+ Kg6 64. Rb7 Nd6 65. Rb8 Ne4+ 66. Ke2 Kf5 67. Rf8+
Nef6 68. Ra8 b5 69. Ra1 b4 70. Rf1+ Ke4 71. Rg1 Nf4+ 72. Kd2 Kd4 73. Rf1 Ne4+ 74.
Kc2 b3+ 75. Kb2 Nd3+ 76. Ka3 Kc3 77. Rb1 b2 78. Rg1 g3 79. Ka2 Nd2 80. Rd1 Nc1+ 81.
Rxc1+ bxc1=R  0-1

[Event "4th 4NCL Easter Congress"]
[Site "Holiday Inn Peterborough - West"]
[Date "2024.04.01"]
[Round "6"]
[Board "4"]
[White "Willmoth, Robert F"]
[Black "Clarke, Connor"]
[Result "1/2-1/2"]
[WhiteElo "2104"]
[BlackElo "1978"]
[PlyCount "0"]
[EventDate "2024.03.29"]
[EventRounds "7"]
[EventCountry "ENG"]

1. Nf3 d5 2. e3 c5 3. c4 e6 4. cxd5 exd5 5. d4 Nc6 6. Nc3 Nf6 7. Bb5 cxd4 8. Nxd4
Bd7 9. O-O Bd6 10. Be2 h5 11. h3 Qe7 12. Ndb5 Be5 13. f4 Bxc3 14. bxc3 Bf5 15. Re1
a6 16. Nd4 Nxd4 17. Qxd4 O-O 18. c4 Rad8 19. Bf3 Be4 20. Bxe4 dxe4 21. Qb6 Rc8 22.
Rb1 Rxc4 23. Qxb7 Qxb7 24. Rxb7 Rd8 25. Rb2 Rd3 26. Bd2 Nd5 27. Kf2 h4 28. Ke2 Kh7
29. Rb3 Nc3+ 30. Bxc3 Rcxc3 31. Rxc3 Rxc3 32. Kf2 a5 33. Re2 a4 34. Rd2 a3 35. Ke2
Rc1 36. Rd1 Rc2+ 37. Rd2 Rb2 38. Kd1 Rb1+ 39. Ke2 f6 40. Rc2 f5 41. Kd2 g5 42. fxg5
Kg6 43. Kc3 Kxg5 44. Kd4 Rb2 45. Rc8 Rxa2 46. Ke5 Kg6 47. Rg8+ Kf7 48. Ra8 Kg6 49.
Rg8+ Kf7 50. Ra8 Rxg2 51. Rxa3 Rf2 52. Ra6 Kg7 53. Rf6 Rf3 54. Rxf5 Kg6 55. Rf4 Rxh3
56. Kxe4 Kg5 57. Rf8 Rh1 58. Rg8+ Kf6 59. Kf3 h3 60. Rh8 Kg5 61. Rg8+ Kf6 62. Rh8
Kg5 63. Rg8+ Kf5 64. Rf8+ Kg6 65. Rh8 Kg7 66. Rh4 Kf6 67. Kg3  1/2-1/2

[Event "4th 4NCL Easter Congress"]
[Site "Holiday Inn Peterborough - West"]
[Date "2024.04.01"]
[Round "6"]
[Board "5"]
[White "Samarakoon, Vivash"]
[Black "Prior, Stephen CV"]
[Result "1-0"]
[WhiteElo "1978"]
[BlackElo "2012"]
[PlyCount "0"]
[EventDate "2024.03.29"]
[EventRounds "7"]
[EventCountry "ENG"]

1. e4 e5 2. Nf3 Nc6 3. Bb5 a6 4. Ba4 Nf6 5. O-O Be7 6. Re1 b5 7. Bb3 O-O 8. c3 d5
9. exd5 Nxd5 10. a4 Bb7 11. d3 Bf6 12. Be3 b4 13. Qc2 Re8 14. Nbd2 bxc3 15. bxc3
Nce7 16. Ne4 Nxe3 17. Rxe3 Nd5 18. Bxd5 Bxd5 19. Rae1 Kh8 20. d4 Bxe4 21. Rxe4 g6
22. Qa2 Qe7 23. Nxe5 Bxe5 24. Rxe5 Qd7 25. h3 Rxe5 26. Rxe5 Kg7 27. Qc4 Qd6 28. Qb3
c6 29. g3 Rb8 30. Qa2 Qf6 31. Kg2 Qd6 32. a5 Rb5 33. Rxb5 cxb5 34. Qe2 b4 35. cxb4
Qd5+ 36. Kg1 Qxd4 37. Qxa6 Qxb4 38. Qb6 Qe1+ 39. Kh2 Qe4 40. a6 Qf3 41. Qb2+ Kh6
42. a7 f6 43. Qa2 Qa8 44. Qf7 f5 45. Qc7 g5 46. Qb8  1-0

[Event "4th 4NCL Easter Congress"]
[Site "Holiday Inn Peterborough - West"]
[Date "2024.04.01"]
[Round "6"]
[Board "6"]
[White "Okhai, Shabir"]
[Black "Wang, Luoke"]
[Result "1-0"]
[WhiteElo "2075"]
[BlackElo "1801"]
[PlyCount "0"]
[EventDate "2024.03.29"]
[EventRounds "7"]
[EventCountry "ENG"]

1. e4 c5 2. Nf3 d6 3. Bb5+ Bd7 4. c4 Nf6 5. Nc3 g6 6. Bxd7+ Qxd7 7. d4 cxd4 8. Qxd4
Bg7 9. O-O O-O 10. Bg5 Nc6 11. Qd2 Rfd8 12. Rfd1 Qe6 13. Qe2 Ne5 14. Nxe5 Qxe5 15.
Bd2 Rac8 16. Rac1 g5 17. b3 h6 18. Kh1 e6 19. Rf1 g4 20. f4 gxf3 21. gxf3 Kh7 22.
Qd3 Kh8 23. Ne2 d5 24. Bc3 Qh5 25. cxd5 exd5 26. Bxf6 Bxf6 27. Rxc8 Rxc8 28. Ng3
Qh3 29. exd5 Bh4 30. Qf5 Qxf5 31. Nxf5 Bg5 32. f4 Bf6 33. Nxh6 Kg7 34. Nf5+ Kg6 35.
Nd6 Rd8 36. Rg1+ Kh7 37. Ne4 Be7 38. Rd1 Bd6 39. Nxd6 Rxd6 40. Kg2 Kg6 41. Kf3 Kf5
42. Rd2 b6 43. Ke3 a6 44. a3 a5 45. a4 f6 46. Rd1 Kg6 47. Ke4 Kf7 48. Rc1 Rd7 49.
Rc6 Rb7 50. Kf5  1-0

[Event "4th 4NCL Easter Congress"]
[Site "Holiday Inn Peterborough - West"]
[Date "2024.04.01"]
[Round "6"]
[Board "7"]
[White "James, Russell A"]
[Black "Fava, Lorenzo"]
[Result "0-1"]
[WhiteElo "2017"]
[BlackElo "2281"]
[PlyCount "0"]
[EventDate "2024.03.29"]
[EventRounds "7"]
[EventCountry "ENG"]

1. e4 d5 2. exd5 Qxd5 3. Nc3 Qa5 4. d4 Nf6 5. Nf3 Bf5 6. Ne5 c6 7. g4 Be6 8. g5 Ne4
9. Bd2 Nxd2 10. Qxd2 g6 11. Nc4 Qc7 12. O-O-O Bg7 13. Ne5 Nd7 14. f4 O-O-O 15. Bd3
Nxe5 16. dxe5 f6 17. gxf6 exf6 18. f5 Bxf5 19. Bxf5+ gxf5 20. Qf2 Bh6+ 21. Kb1 fxe5
22. Qxf5+ Kb8 23. Ne4 Bf4 24. h3 Rhf8 25. Qe6 Rde8 26. Qc4 Rd8 27. a3 b6 28. a4 Rd7
29. c3 Rfd8 30. Qe2 Rd5 31. Nf6 R5d6 32. Ne4 R6d7 33. Nf6 Rf7 34. Ne4 Rd5 35. c4
Rd4 36. Rxd4 exd4 37. Qd3 Be3 38. c5 Qe5 39. Nd6 Rd7 40. Rf1 Qxc5 41. Rf8+ Kc7 42.
Ne8+ Kb7 43. Rf5 Qe7 44. Nf6 Rd6 45. Ng4 a5 46. Rh5 h6 47. Re5 Re6 48. Qe4 Rxe5 49.
Nxe5 Qc5 50. Qf5 Qe7 51. Qe4 Qe6 52. Qh7+ Kc8 53. Qh8+ Kc7 54. Qg7+ Kd6 55. Nd3 Qf5
56. Kc2 Qxh3 57. Qe5+ Kd7 58. Qg7+ Kc8 59. Ne5 Qf5+ 60. Kb3 Qe6+ 61. Kc2 Qf5+ 62.
Kb3 Bf4 63. Qg8+ Kb7 64. Nf7 Qd5+ 65. Ka3 Bd6+ 66. b4 Bxb4+ 67. Kb2 Bc3+ 68. Kc1
Qh1+ 69. Kc2 Qe4+ 70. Kb3 Qb1+ 71. Kc4 b5+ 72. Kc5 Qb4#  0-1

[Event "4th 4NCL Easter Congress"]
[Site "Holiday Inn Peterborough - West"]
[Date "2024.04.01"]
[Round "6"]
[Board "8"]
[White "Boggarapu, Kritan"]
[Black "Khoury, Theo"]
[Result "0-1"]
[WhiteElo "1933"]
[BlackElo "2113"]
[PlyCount "0"]
[EventDate "2024.03.29"]
[EventRounds "7"]
[EventCountry "ENG"]

1. e4 c5 2. Nf3 d6 3. d4 cxd4 4. Nxd4 Nf6 5. Nc3 a6 6. Be2 e5 7. Nb3 Be7 8. O-O O-O
9. Be3 Be6 10. Qd2 Nbd7 11. a4 Qc7 12. a5 Rfd8 13. Nd5 Bxd5 14. exd5 b5 15. axb6
Nxb6 16. Bxb6 Qxb6 17. Na5 Rdc8 18. c4 Bd8 19. Nc6 a5 20. Qc2 Qb7 21. Ra3 Bb6 22.
Rb3 Qc7 23. Rb5 Ra6 24. Ra1 Rca8 25. b3 g6 26. Ra3 Kg7 27. Bf3 e4 28. Be2 Qd7 29.
Ra1 Qf5 30. Rf1 h5 31. b4 Bc7 32. bxa5 Bxa5 33. Nxa5 Rxa5 34. Rxa5 Rxa5 35. g3 Rc5
36. Qc3 Kh7 37. Qd4 h4 38. h3 Ra5 39. Ra1 Rxa1+ 40. Qxa1 hxg3 41. fxg3 Qg5 42. Kg2
Nd7 43. Qd4 Nc5 44. h4 Qe7 45. Qe3 Qe5 46. Kh3 Kg7 47. Kg2 Qb2 48. Kh3 Qf6 49. Kg2
Qa1 50. Kh2 Kg8 51. Kg2 Qe5 52. Kh3 Qf5+ 53. Kg2 Nd7 54. Bd1 Ne5 55. Bc2 Ng4 56.
Qxe4 Qf2+ 57. Kh3 Qh2+ 58. Kxg4 f5+ 59. Qxf5 gxf5+ 60. Bxf5 Qe2+ 61. Kg5 Qxc4 62.
Be6+ Kg7 63. h5 Qc1+ 64. Kf5 Qc2+ 65. Kg5 Qd2+ 66. Kf5 Qd3+ 67. Kf4 Kf6 68. g4 Qd4+
69. Kf3 Kg5 70. Kg3 Qe3+ 71. Kg2 Kh4 72. h6 Qe2+ 73. Kg1 Kg3 74. h7 Qg2#  0-1

[Event "4th 4NCL Easter Congress"]
[Site "Holiday Inn Peterborough - West"]
[Date "2024.04.01"]
[Round "6"]
[Board "9"]
[White "Srivastava, Arnav"]
[Black "Chan, Sheng Liang Bernard"]
[Result "1-0"]
[WhiteElo "1915"]
[BlackElo "2082"]
[PlyCount "0"]
[EventDate "2024.03.29"]
[EventRounds "7"]
[EventCountry "ENG"]

1. d4 Nf6 2. c4 e6 3. Nf3 d5 4. g3 dxc4 5. Bg2 c5 6. O-O Nc6 7. dxc5 Qxd1 8. Rxd1
Bxc5 9. Nbd2 c3 10. bxc3 O-O 11. Nb3 Be7 12. Bb2 Bd7 13. Nfd4 Rac8 14. c4 Rfd8 15.
Nb5 Be8 16. c5 Nd5 17. e4 Ndb4 18. Nd6 Bxd6 19. cxd6 Nc2 20. Rac1 N6b4 21. Rd2 Ba4
22. e5 Nxa2 23. Rcxc2 Bxb3 24. Rxc8 Rxc8 25. Ba3 Rd8 26. Bxb7 f6 27. Bc6 fxe5 28.
d7 Kf7 29. Bd6 Nc3 30. Bc7 Ke7 31. Bxd8+ Kxd8 32. Rb2  1-0

[Event "4th 4NCL Easter Congress"]
[Site "Holiday Inn Peterborough - West"]
[Date "2024.04.01"]
[Round "6"]
[Board "10"]
[White "Wilks, Simon"]
[Black "Lishoy Gengis Paratazham, Dildarav"]
[Result "1/2-1/2"]
[WhiteElo "2061"]
[BlackElo "1924"]
[PlyCount "0"]
[EventDate "2024.03.29"]
[EventRounds "7"]
[EventCountry "ENG"]

1. e4 d6 2. d4 Nf6 3. Nc3 e5 4. Nf3 Nbd7 5. Bc4 Be7 6. O-O O-O 7. a4 c6 8. Ba2 Qc7
9. Re1 Re8 10. h3 h6 11. Be3 Nf8 12. Qd3 Be6 13. Bxe6 Nxe6 14. dxe5 dxe5 15. Qc4
Qa5 16. Ne2 Bc5 17. Ng3 Bxe3 18. Rxe3 g6 19. b4 Qc7 20. Rd3 Rad8 21. Rad1 Rxd3 22.
Rxd3 Nf4 23. Rd2 N6h5 24. Nxh5 Nxh5 25. Qc5 a6 26. Qd6 Qe7 27. Qxe7 Rxe7 28. Rd8+
Kg7 29. Nd2 Nf6 30. f3 Rd7 31. Rxd7 Nxd7 32. Nc4 b6 33. Kf2 Kf6 34. Ke3 Ke6 35. c3
b5 36. axb5 axb5 37. Na5 c5 38. Nc6 cxb4 39. cxb4 Nb6 40. Na7 Nc4+ 41. Kd3 Nd6 42.
Nc6 Nb7 43. Na7 Nd6 44. Nc6 Nb7 45. Na7 Nd6 46. Nc6  1/2-1/2

[Event "4th 4NCL Easter Congress"]
[Site "Holiday Inn Peterborough - West"]
[Date "2024.04.01"]
[Round "6"]
[Board "11"]
[White "Burrows, Martin P"]
[Black "Kilambi, Venkata Ananth Akshay"]
[Result "1-0"]
[WhiteElo "1998"]
[BlackElo "1801"]
[PlyCount "0"]
[EventDate "2024.03.29"]
[EventRounds "7"]
[EventCountry "ENG"]

1. e4 c6 2. c4 d5 3. cxd5 cxd5 4. exd5 Nf6 5. Qa4+ Nbd7 6. Nc3 g6 7. Nf3 Bg7 8. Bc4
O-O 9. d3 Nb6 10. Qb3 a5 11. Be3 Nbd7 12. O-O Ne8 13. Nb5 Nd6 14. Nxd6 exd6 15. a4
Qc7 16. d4 Qb6 17. Bb5 Nf6 18. Nd2 Rd8 19. h3 Bf5 20. Rac1 Be4 21. Nxe4 Nxe4 22.
Qd3 Nf6 23. Bc4 Rac8 24. Rc2 Rc7 25. Rfc1 Rdc8 26. Bb3 Ne8 27. Rxc7 Rxc7 28. Rxc7
Nxc7 29. Qc3 f5 30. f3 Kf7 31. Kf1 Na6 32. Kg1 Nc7 33. Kh2 Ne8 34. Bc4 Nc7 35. b3
Kg8 36. Kh1 Kf7 37. Bd2 Bxd4 38. Qxa5 Qxa5 39. Bxa5 Na6 40. g3 b6 41. Bd2 Nc5 42.
Kg2 Kf6 43. h4 Kg7 44. Bg5 Bf6 45. Be3 Bc3 46. Kf2 Kf7 47. Ke2 Ke7 48. Bg5+ Bf6 49.
Bd2 Kd7 50. b4 Nb7 51. Kd3 Bd8 52. Bb5+ Kc7 53. Be1 Bf6 54. g4 fxg4 55. fxg4 Be7
56. g5 Bf8 57. Bc3 Be7 58. Be8 Kd8 59. Bf7 Kd7 60. Bg8 Ke8 61. Bxh7 Kf7 62. h5  1-0

[Event "4th 4NCL Easter Congress"]
[Site "Holiday Inn Peterborough - West"]
[Date "2024.04.01"]
[Round "6"]
[Board "12"]
[White "Amato, Giampiero"]
[Black "Baer, Bruce L"]
[Result "1/2-1/2"]
[WhiteElo "1954"]
[BlackElo "1945"]
[PlyCount "0"]
[EventDate "2024.03.29"]
[EventRounds "7"]
[EventCountry "ENG"]

1. c4 d6 2. g3 e5 3. Bg2 h5 4. h4 c6 5. Nc3 Be6 6. d3 Be7 7. e4 Nh6 8. Nge2 Na6 9.
b3 c5 10. Bd2 Qd7 11. a3 f6 12. Nd5 Bxd5 13. cxd5 b5 14. b4 f5 15. Bh3 g6 16. Qb3
Rc8 17. Rc1 Kf8 18. Nc3 Kg7 19. O-O c4 20. dxc4 Rxc4 21. Rfe1 Rhc8 22. Bf1 f4 23.
Nxb5 Rxc1 24. Rxc1 Rxc1 25. Bxc1 Qg4 26. Bg2 Qe2 27. Bf1 Qg4 28. Nxa7 Bxh4 29. Bxa6
fxg3 30. Bxh6+ Kxh6 31. fxg3 Bxg3 32. Bc8 Qf4 33. Qc2 Qe3+ 34. Kg2 g5 35. Nc6 g4
36. Ne7 Qf3+ 37. Kg1 Qe3+ 38. Kh1 Kg5 39. Ba6 h4 40. Qe2 Qxa3 41. Nf5 Bf4 42. Bd3
Qc1+ 43. Qf1 Qd2 44. Qe2 Qc1+  1/2-1/2

[Event "4th 4NCL Easter Congress"]
[Site "Holiday Inn Peterborough - West"]
[Date "2024.04.01"]
[Round "6"]
[Board "13"]
[White "Vadalia, Jainill"]
[Black "Patel, Zain"]
[Result "1-0"]
[WhiteElo "1836"]
[BlackElo "1929"]
[PlyCount "0"]
[EventDate "2024.03.29"]
[EventRounds "7"]
[EventCountry "ENG"]

1. d4 Nf6 2. c4 e6 3. Nf3 d5 4. g3 Be7 5. Bg2 O-O 6. O-O b6 7. cxd5 exd5 8. Nc3 Bb7
9. Bf4 Ne4 10. Rc1 Nxc3 11. Rxc3 Bd6 12. Bxd6 Qxd6 13. Qc2 Na6 14. Rd1 Rfe8 15. a3
c5 16. dxc5 bxc5 17. Ng5 g6 18. Ne4 Qe7 19. Nxc5 Nxc5 20. Rxc5 Qxe2 21. Bxd5 Bxd5
22. Qxe2 Rxe2 23. Rdxd5 Rxb2 24. Rc7 a5 25. Rdd7 Rf8 26. Ra7 Rb5 27. a4 Rc5 28. Rdb7
Kg7 29. Rb5 Rxb5 30. axb5 Rd8 31. Rxa5 Rd2 32. Kg2 Rb2 33. Kf3 h5 34. h4 Kh7 35.
Ke3 Kg7 36. f3 Rb3+ 37. Kd4 Rxf3 38. b6 Rb3 39. Kc5 Kf6 40. Rb5 Rc3+ 41. Kd6 Rd3+
42. Kc6 Rxg3 43. b7 Rc3+ 44. Kb6  1-0

[Event "4th 4NCL Easter Congress"]
[Site "Holiday Inn Peterborough - West"]
[Date "2024.04.01"]
[Round "6"]
[Board "14"]
[White "Ali, Golam S"]
[Black "Alldritt, Nigel RE"]
[Result "0-1"]
[WhiteElo "1894"]
[BlackElo "1977"]
[PlyCount "0"]
[EventDate "2024.03.29"]
[EventRounds "7"]
[EventCountry "ENG"]

1. d4 Nf6 2. c4 g6 3. Nc3 d5 4. cxd5 Nxd5 5. e4 Nxc3 6. bxc3 Bg7 7. Bc4 O-O 8. Ne2
c5 9. O-O Nc6 10. d5 Na5 11. Bd3 b6 12. Bg5 Qc7 13. Qe1 e6 14. Rd1 e5 15. f4 Qd6
16. Qh4 f6 17. Bh6 c4 18. Bxg7 Kxg7 19. Bc2 Bd7 20. Rf3 h6 21. Rdf1 g5 22. Qh5 Be8
23. Qg4 Bd7 24. Qg3 Rae8 25. Kh1 Nb7 26. f5 Nc5 27. Qg4 Rb8 28. Rh3 Rh8 29. Qg3 Nb7
30. Qg4 Qe7 31. Re3 h5 32. Qg3 h4 33. Qe1 b5 34. Ng1 Rbg8 35. Nf3 Kf7 36. Nd2 Qc5
37. Qe2 Nd6 38. Rb1 a5 39. Re1 Rb8 40. Nf3 b4 41. Nd4 exd4 42. cxd4 Qxd4 43. e5 Rbe8
44. e6+ Kg7 45. exd7 Rxe3 46. Qxe3 Qxe3 47. Rxe3 Rd8 48. Ba4 c3 49. Re7+ Kf8 50.
Re6 Nf7 51. Re8+ Kg7 52. Re7 c2 53. Bxc2 Kf8 54. Re8+ Rxe8 55. dxe8=Q+ Kxe8 56. Kg1
Ke7 57. Kf2 Kd6 58. Ke3 Ke5 59. g4 hxg3 60. hxg3 Nd6 61. Bb3 Nxf5+ 62. Kf2 Nd4 63.
Bc4 Nf5 64. Kf3 a4 65. Kg4 Ne3+  0-1

[Event "4th 4NCL Easter Congress"]
[Site "Holiday Inn Peterborough - West"]
[Date "2024.04.01"]
[Round "6"]
[Board "15"]
[White "Zhang, Junyi"]
[Black "Hariharan, Shambavi"]
[Result "1/2-1/2"]
[WhiteElo "1924"]
[BlackElo "1867"]
[PlyCount "0"]
[EventDate "2024.03.29"]
[EventRounds "7"]
[EventCountry "ENG"]

1. e4 c6 2. d4 d5 3. exd5 cxd5 4. Bd3 Nf6 5. h3 Nc6 6. Nf3 g6 7. c3 Bf5 8. O-O Bxd3
9. Qxd3 Qc7 10. Re1 Bg7 11. Ne5 O-O 12. Nd2 Nh5 13. Ndf3 Bxe5 14. dxe5 e6 15. g4
Ng7 16. Bg5 Rab8 17. Bf6 h6 18. h4 Ne8 19. g5 h5 20. Qe2 Ng7 21. Bxg7 Kxg7 22. Qd2
Qe7 23. Nd4 Nxd4 24. cxd4 Rbc8 25. Rac1 Qd7 26. Qb4 Rxc1 27. Rxc1 Rc8 28. Rc3 Rxc3
29. bxc3 Qc6 30. Kf1 Qa6+ 31. Ke1 Qxa2 32. Qxb7 a5 33. Qe7 Qa1+ 34. Kd2 Qb2+ 35.
Kd3 Qb5+ 36. Kc2 Qe2+ 37. Kb3 Qd1+ 38. Kb2 a4 39. Qf6+ Kg8 40. Qd8+ Kg7 41. Qf6+
 1/2-1/2

[Event "4th 4NCL Easter Congress"]
[Site "Holiday Inn Peterborough - West"]
[Date "2024.04.01"]
[Round "6"]
[Board "16"]
[White "Sasikumar, Srivathsan"]
[Black "Guthrie, David W"]
[Result "1/2-1/2"]
[WhiteElo "1881"]
[BlackElo "2129"]
[PlyCount "0"]
[EventDate "2024.03.29"]
[EventRounds "7"]
[EventCountry "ENG"]

1. e4 c5 2. Nf3 d6 3. d4 cxd4 4. Nxd4 Nf6 5. Nc3 a6 6. Be2 e6 7. O-O Be7 8. Be3 Nc6
9. Qd2 O-O 10. Rad1 Qc7 11. f4 Nxd4 12. Bxd4 Rd8 13. Qe3 Nd7 14. Qg3 Bf8 15. f5 Ne5
16. Rf4 b5 17. Rdf1 b4 18. Nd1 Qxc2 19. Bh5 exf5 20. Ne3 Qd3 21. Rd1 Qb5 22. Nxf5
Bxf5 23. Rxf5 g6 24. Bxe5 dxe5 25. Rdf1 Ra7 26. Bd1 Qd3 27. Qxd3 Rxd3 28. Rxe5 f6
29. Rd5  1/2-1/2

[Event "4th 4NCL Easter Congress"]
[Site "Holiday Inn Peterborough - West"]
[Date "2024.04.01"]
[Round "6"]
[Board "17"]
[White "Varley, Joe"]
[Black "White, Stuart A"]
[Result "0-1"]
[WhiteElo "1926"]
[BlackElo "2020"]
[PlyCount "0"]
[EventDate "2024.03.29"]
[EventRounds "7"]
[EventCountry "ENG"]

1. e4 c5 2. Nf3 d6 3. c3 Nf6 4. h3 Nc6 5. Bd3 e5 6. O-O g5 7. Bc4 Rg8 8. d4 Nxe4
9. Bd5 Nf6 10. Bxc6+ bxc6 11. dxe5 Nd5 12. exd6 Bxd6 13. Qa4 Bd7 14. Qe4+ Kf8 15.
Qxh7 Qf6 16. h4 gxh4 17. Re1 Be6 18. Na3 h3 19. Qh6+ Qxh6 20. Bxh6+ Ke7 21. g3 Rg6
22. Bg5+ f6 23. Bh4 Kf7 24. Nc4 Bc7 25. Kh2 Rh8 26. Ncd2 Ne7 27. b3 Nf5 28. Kh1 Nxh4
29. Nxh4 Bd5+ 30. Ne4 Rxh4 31. gxh4 f5 32. Rad1 fxe4 33. c4 Be6 34. Rxe4 Bf5 35.
Ree1 Rg2 36. Rd2 Bf4 37. Rde2 Bg4 38. Re4 Rxf2 39. Kg1 Rg2+ 40. Kh1 Bd6 41. Rf1+
Kg7 42. Re3 Rxa2 43. Rd3 Rh2+ 44. Kg1 Rg2+ 45. Kh1 Be2 46. Rxd6 Bxf1 47. Rxc6 Rb2
48. Rxc5 Bg2+ 49. Kg1 Rxb3 50. Rc7+ Kg6 51. Rxa7 Rc3 52. Kh2 Rxc4 53. Kg3 Rc3+ 54.
Kh2 Be4 55. Ra5 Bf5 56. Rb5 Rf3 57. Rb8 Kf6 58. Rg8 Rf2+ 59. Kg1 Rf4 60. h5 Rg4+
61. Rxg4 Bxg4 62. Kh2 Kg5  0-1

[Event "4th 4NCL Easter Congress"]
[Site "Holiday Inn Peterborough - West"]
[Date "2024.04.01"]
[Round "6"]
[Board "18"]
[White "Birtwistle, Nigel"]
[Black "Miller, George I"]
[Result "1-0"]
[WhiteElo "2048"]
[BlackElo "1893"]
[PlyCount "0"]
[EventDate "2024.03.29"]
[EventRounds "7"]
[EventCountry "ENG"]

1. e4 c6 2. Nc3 d5 3. Nf3 dxe4 4. Nxe4 Nf6 5. Qe2 Nxe4 6. Qxe4 Be6 7. b3 Bd5 8. Qe3
Bxf3 9. Qxf3 Qd5 10. Qe3 e6 11. Bb2 Nd7 12. Bc4 Qh5 13. h3 Bc5 14. Qc3 e5 15. Qg3
O-O 16. O-O Qg6 17. Bxe5 Nxe5 18. Qxe5 Bd6 19. Qc3 b5 20. Bd3 Qh6 21. g3 f5 22. Kg2
f4 23. Be4 Rac8 24. Bf3 fxg3 25. fxg3 Qg5 26. Bg4 Qd5+ 27. Kh2 Be5 28. Qe3 Rcd8 29.
Rxf8+ Kxf8 30. Rf1+ Bf6 31. d3 c5 32. Rf5 Qd4 33. Qf3 Qc3 34. Qf2 Rd4 35. Qg2 Rd8
36. Rf2 Re8 37. Bd7 Re3 38. Bxb5 Qe1 39. Bc4 Ke7 40. Qb7+ Kd8 41. Qb8+ Ke7 42. Qxa7+
Kd8 43. Qb6+ Ke7 44. Qxc5+ Ke8 45. Qc8+ Ke7 46. Qc7+ Ke8 47. Qc8+ Ke7 48. Kg2 Rxg3+
49. Kxg3 Bh4+ 50. Kxh4 Qxf2+ 51. Kg4 h5+ 52. Kxh5 g6+ 53. Kg4 Qd4+ 54. Kf3 Qf6+ 55.
Ke4 Qh4+ 56. Qg4 Qe1+ 57. Kf3 Qf1+ 58. Ke3 Qc1+ 59. Kd4 Qb2+ 60. Kd5  1-0

[Event "4th 4NCL Easter Congress"]
[Site "Holiday Inn Peterborough - West"]
[Date "2024.04.01"]
[Round "6"]
[Board "19"]
[White "Han, Qixiang"]
[Black "Lukhi, Neev"]
[Result "1/2-1/2"]
[WhiteElo "1874"]
[BlackElo "1812"]
[PlyCount "0"]
[EventDate "2024.03.29"]
[EventRounds "7"]
[EventCountry "ENG"]

1. d4 d5 2. c4 e6 3. Nf3 Nf6 4. g3 Be7 5. Bg2 O-O 6. O-O dxc4 7. Qc2 a6 8. a4 Bd7
9. Qxc4 Bc6 10. Bf4 Bd6 11. Bxd6 Qxd6 12. Nc3 Nbd7 13. a5 Nd5 14. Rac1 Nxc3 15. Qxc3
Nf6 16. Ne5 Bxg2 17. Kxg2 Rac8 18. Rfd1 Rfd8 19. Kg1 Nd7 20. Nc4 Qd5 21. Qc2 h6 22.
e4 Qh5 23. e5 b5 24. axb6 Nxb6 25. Na5 c5 26. dxc5 Rxd1+ 27. Rxd1 g6 28. b4 Qxe5
29. Nc4 Nxc4 30. Qxc4 a5 31. Qa6 Qc7 32. b5 Qxc5 33. b6 Qc6 34. Qa7 Qc2 35. Rf1 Rd8
36. b7 Qc7 37. Rb1 Rb8 38. h4 Kg7 39. Kh2 a4 40. Qd4+ Kh7 41. Qb4 a3 42. Qxa3 Rxb7
43. Rc1 Qe7 44. Qa1 e5 45. Rc8 Rc7 46. Ra8 Rc2 47. Ra5 Qf6 48. Qe1 Qxf2+ 49. Qxf2
Rxf2+ 50. Kg1 Re2 51. Kf1 Re4 52. Kf2 Rb4 53. Rxe5 Kg7 54. Kf3 Kf6 55. Ra5 Rb3+ 56.
Kg4 Rb4+ 57. Kf3 Rb3+  1/2-1/2

[Event "4th 4NCL Easter Congress"]
[Site "Holiday Inn Peterborough - West"]
[Date "2024.04.01"]
[Round "6"]
[Board "20"]
[White "Gibson, Christopher A"]
[Black "McLean, Robert"]
[Result "0-1"]
[WhiteElo "1852"]
[BlackElo "1967"]
[PlyCount "0"]
[EventDate "2024.03.29"]
[EventRounds "7"]
[EventCountry "ENG"]

1. e4 e6 2. d4 d5 3. Nc3 Nf6 4. e5 Nfd7 5. f4 c5 6. Nf3 Nc6 7. Be3 Be7 8. Qd2 O-O
9. dxc5 Bxc5 10. O-O-O Qa5 11. a3 a6 12. Bd3 d4 13. Qf2 dxc3 14. Bxh7+ Kxh7 15. Qh4+
Kg8 16. Bxc5 cxb2+ 17. Kb1 Qxc5 18. Ng5 Re8 19. Qh5 Nd8 20. Qh7+ Kf8 21. Rd3 Nxe5
22. fxe5 Qxe5 23. Qh5 Ke7 24. Rxd8 Rxd8 25. Qxf7+ Kd6 26. Rd1+ Kc6 27. Rxd8 Qxg5
28. Rd1 Qc5 29. Rd3 Qe5 30. Qf3+ Kb6 31. Qf2+ Kc7 32. Qf7+ Kb8 33. g3 Qc7 34. Qe8
Ka7 35. Kxb2 e5 36. Rc3 Qb6+ 37. Rb3 Qd4+ 38. Kb1 Bf5 39. Qf7 Be4 40. Qc7 Qd1+ 41.
Kb2 Qxc2+ 42. Qxc2 Bxc2 43. Kxc2 Rh8 44. h4 Rd8 45. Re3 Rd5 46. Rf3 Rd7 47. Re3 Re7
48. Kd3 Kb6 49. Ke4 Kc5 50. Rc3+ Kb5 51. h5 a5 52. g4 Ka4 53. g5 b5 54. Rh3 b4 55.
axb4 axb4 56. h6 gxh6 57. gxh6 b3 58. Kd3 Rh7 59. Rh1 Ka3 60. Kc3 b2 61. Kc2 Ka2
 0-1

[Event "4th 4NCL Easter Congress"]
[Site "Holiday Inn Peterborough - West"]
[Date "2024.04.01"]
[Round "6"]
[Board "21"]
[White "Cheng, Louis"]
[Black "Hutchinson, Paul A"]
[Result "0-1"]
[WhiteElo "1826"]
[BlackElo "2006"]
[PlyCount "0"]
[EventDate "2024.03.29"]
[EventRounds "7"]
[EventCountry "ENG"]

1. e4 d5 2. exd5 Qxd5 3. Nc3 Qa5 4. d4 Nf6 5. Nf3 c6 6. Bc4 Bf5 7. O-O e6 8. Re1
Be7 9. Ne5 Nbd7 10. Bf4 Qd8 11. Qe2 Nb6 12. Rad1 Nxc4 13. Nxc4 O-O 14. Be5 Bg6 15.
a3 b5 16. Ne3 b4 17. axb4 Bxb4 18. Qc4 a5 19. Qxc6 Rc8 20. Qb5 Ne4 21. d5 Qg5 22.
f4 Qh4 23. g3 Nxg3 24. Ng2 Qg4 25. hxg3 Bxc2 26. Rd2 Bb3 27. d6 Bc4 28. Qb7 Bc5+
29. Bd4 Bxd6 30. Bf2 Bb4 31. Ne3 Qg6 32. Red1 Bb3 33. Rc1 h5 34. Qf3 Ba4 35. Ng2
Bc6 36. Qe3 Qf5 37. Kf1 Qh3 38. Bg1 Qh1 39. Qf2 Bc5 40. Ne3 Bb7 41. Qh2 Ba6+ 42.
Ke1 Qf3 43. Qf2 Qb7 44. Rcd1 Qb4 45. Qf3 g6 46. Bf2 Bb7 47. Qe2 Bc6 48. Nc2 Bxf2+
49. Qxf2 Qxb2 50. Qe3 Ba8 51. Na4 Qb7 52. Rh2 Rc4 53. Nc3 Rfc8 54. Rd3 Qb2 55. Kd2
Be4 56. Kd1 Bxd3 57. Qxd3 Rxc3 58. Qe4 Qb1+  0-1